Estudio de Opinión Pública Unimer RI - La Nación enero de 1995: efectuada del 6 al 21 de enero /

Sábháilte in:
Sonraí bibleagrafaíochta
Príomhchruthaitheoir: Mendiola T, Haydée
Údar corparáideach: Unimer Research International
Rannpháirtithe: Paniagua, Carlos G.
Formáid: Téacs
Foilsithe / Cruthaithe: San José: Unimer
Ábhair:
Clibeanna: Cuir clib leis
Níl clibeanna ann, Bí ar an gcéad duine le clib a chur leis an taifead seo!

MARC

LEADER 00000 a a2200000 04500
001 27623
003
040
090 |a 185804  |b ENCUESTA  
100 |a Mendiola T, Haydée  
110 |a Unimer Research International  
245 |a Estudio de Opinión Pública Unimer RI - La Nación enero de 1995: efectuada del 6 al 21 de enero /  |c Haydée Mendiola T. 
260 |a San José:   |b Unimer  
300 |a 53 p. y s.p   |b **no definido**   |b fonodiscos  
650 |a OPINION PUBLICA  
650 |a ESTADO  
650 |a INTERVENCION DEL ESTADO  
650 |a ADMINISTRACION  
650 |a GOBIERNO  
650 |a SERVICIOS PUBLICOS  
650 |a COSTO DE LA VIDA  
650 |a ECONOMIA  
650 |a POLITICA ECONOMICA  
650 |a IMPUESTOS  
650 |a IMPUESTOS A LAS SOCIEDADES  
650 |a HACIENDA PUBLICA  
650 |a IMPUESTO AL CONSUMO  
650 |a CONSUMO  
650 |a INGRESOS FISCALES  
650 |a POBRE  
650 |a OPINION PUBLICA  
650 |a INGRESOS FISCALES  
650 |a IMPUESTOS  
650 |a COSTOS NACIONALES  
700 |a Paniagua, Carlos G.  
999 |c 2515  |d 2515